| 000 | 00398nam a2200169Ia 4500 | ||
|---|---|---|---|
| 001 | 24902 | ||
| 005 | 20260414151114.0 | ||
| 008 | 260414t2007||||xx |||||||||||||| ||spa|| | ||
| 041 | _aESP | ||
| 082 |
_a346C4 _bC73E |
||
| 100 |
_aMuro Rojo, Manuel _eAUT |
||
| 245 | 0 |
_aEl código civil : _ben su jurisprudencia |
|
| 260 | _c2007 | ||
| 650 | _aDER | ||
| 654 | _aCDE | ||
| 942 |
_cLIB _dJUS _fJUS _2ddc _n |
||
| 999 |
_c24902 _d24902 |
||